00559pab a2200169 454500008004000000100001900040245009600059260000900155300001500164362000800179650002900187650001800216773002000234909001100254999001900265952010500284180718b2014 xxu||||| |||| 00| 0 eng d aRio, Pablo del aOn evaluating success in complex policy mixes: the case of renewable energy support schemes c2014 ap.267-287. aSep aRenewable energy sources aPolicy design aPolicy Sciences a107330 c107325d107325 00104070aIIPAbIIPAd2018-07-19hVolume no: 47, Issue no: 3pAR107790r2018-07-19w2018-07-19yAR